Rats et souris de fiction - Statistiques

Statistiques générales
  • Ce quiz a été pris 28 fois
  • Le résultat moyen est 10 sur 35
Statistiques - réponses
Souris/Rat de fiction Univers % Correct
Bianca Bernard et Bianca
82%
Remy Ratatouille
82%
Jerry Tom et Jerry
73%
Gus Cendrillon
68%
Croutard Harry Potter
68%
Stuart Little Stuart Little
68%
Mickey Mouse Disney
64%
Rapido Les Ratz
64%
Cortex Minus et Cortex
55%
Maître Splinter Tortues Ninja
55%
Célestine Ernest et Célestine
45%
Roquefort Les Aristochats
41%
Ratigan Basil, détective privé
36%
Timothée Dumbo
32%
Geronimo Stilton Geronimo Stilton
32%
Speedy Gonzales Looney Tunes
32%
Itchy Les Simpson
27%
Fievel Souriskewitz Fievel
23%
Ripitchip Le Monde de Narnia
14%
Nezu My Hero Academia
14%
Tyrannosaurus One Piece
14%
Roddy St James Souris City
14%
Ninju/Souris Shino Buff Demon Slayer
9%
Euromaus Europa-Park
9%
Croquenote Robin des Bois
9%
Steve McQueen Dr House
5%
Yuki Sohma Fruits Basket
5%
Mr Jingles La Ligne Verte
5%
Gordon Shrek
5%
Cheese Gaston Lagaffe
0%
Ripred Gregor
0%
Desroches Kirby
0%
Despereaux La Légende de Despereaux
0%
Twitch League of Legends
0%
Vladek Maus
0%
Aucun quiz correspondant
Distribution des résultats
% des personnes avec chaque résultat
Percentile par nombre de réponses
Votre historique - résultats
Vous n’avez pas pris ce quiz